CANZUK - Statistics

General Stats
  • This quiz has been taken 6 times
  • The average score is 16 of 50
Answer Stats
% Correct
County Australia
100%
Country Canada
100%
Common Language English
100%
Most Populated Island Great Britain
100%
County New Zealand
100%
Common Flag (in 3) Union Jack
100%
County United Kingdom
100%
Global Area Rank if combined 1
67%
Total Bordering Countries (not including territories) 2 (Ireland, USA)
67%
Global GDP Rank if combined 3
67%
Common Religion Christianity
67%
Most Populated City London
67%
Busiest Airport London Heathrow
67%
Least Populated Capital Wellington
67%
Global Population Rank if combined 10
33%
Number of Time Zones 22
33%
Law Type Common Law
33%
Major International Association Commonwealth
33%
Best Selling Music Artist (Male) Elton John
33%
Largest Desert Great Victoria
33%
Head of State King Charles III
33%
Australian region named after British Kingdom New South Wales
33%
Most Populated Region Ontario
33%
Highest Ranking University (5 Year Average) Oxford
33%
Another region named for Queen Victoria Queensland
33%
Colours in All 4 Flags Red, White
33%
Best Selling Music Artist (Group) The Beatles
33%
Region named for Queen Victoria Victoria
33%
Region named for Queen Victoria's daughter Alberta
0%
Largest Company AstraZeneca
0%
Biggest Island Baffin
0%
Region that's capital is named for Queen Victoria British Columbia
0%
Best Selling Music Artist (Female) Celine Dion
0%
Largest Earthquake in 21st Century (City) Christchurch
0%
Tallest Building CN Tower
0%
Currency types Dollar, Pound
0%
Name under the British Empire (for 3) Dominion
0%
Major Military Association Five Eyes
0%
Largest Lake Great Bear
0%
City Name in 3 countries with over 50k people Hamilton
0%
Common Script Latin
0%
Longest River Mackenzie
0%
Major City with the Highest Quality of Life Melbourne
0%
Tallest Mountain Mt Logan
0%
Canadian region named after British Kingdom Nova Scotia
0%
Region named for Queen Victoria's father Prince Edward Island
0%
City named after a city renamed for Queen Victoria Queenstown
0%
Country most likely to join CANZUK United States
0%
Largest Region Western Australia
0%
Political/Parliamentary System Westminster
0%
No matching quizzes found
Score Distribution
Percent of People with Each Score
Percentile by Number Answered
Your Score History
You have not taken this quiz